000 00651nam a22001457a 4500
020 _a0-00-671667-9
082 _a823
_bLEW/M
100 _aLEWIS, C.S
245 _aTHE CHRONICLES OF NARNIA
_bTHE MAGICIAN'S NEPHEW
260 _aLONDON
_bHARPER COLLINS
_c1980
300 _a171
520 _aUncle Andrew is off limits to Digory and one day when they stumble upon his secret office they are tricked into slipping on rings than transport them to the world between worlds where they awaken Jadis, an evil queen who has destroyed her own world and plans to return to London to take over that world as well.
650 _aNOVEL
_zUNITED KINGDOM
942 _cBK
999 _c3452
_d3452